Magyarország és a globalizáció recenzió - Bogár László Magyarország és a globalizáció Budapest: Osiris, 2003. 448 p.
Elmentve itt :
| Szerző: | |
|---|---|
| Adatforrás: | Philobibl |
| Forrásdokumentuma: | Valóság 48.2005:8. 106-109. p. |
| Dokumentumtípus: | Cikk |
| Nyelv: | magyar |
| Kulcsszavak: | globalizáció lételmélet történetfilozófia |
| Megjelent: |
2005
|
| LEADER | 00497nab a2200145 c 4500 | ||
|---|---|---|---|
| 001 | bibPHI0029454 | ||
| 005 | 20200924122507.3 | ||
| 008 | 070116s2005 xx hun | ||
| 100 | 1 | |a Pethő Bertalan | |
| 245 | 1 | 0 | |a Magyarország és a globalizáció |b recenzió - Bogár László Magyarország és a globalizáció Budapest: Osiris, 2003. 448 p. |c Pethő Bertalan |
| 260 | |c 2005 | ||
| 695 | |a globalizáció | ||
| 695 | |a lételmélet | ||
| 695 | |a történetfilozófia | ||
| 773 | 0 | |t Valóság |g 48.2005:8. 106-109. p. | |